000 00280nam a22001097a 4500
008 211026b ||||| |||| 00| 0 eng d
050 _a369.4092
_b1
245 _aAids To Scoutmastership
260 _aNew Delhi
_bDirector,The Bharat Scouts
_c1984
300 _a1
942 _2ddc
_cBK
999 _c11851
_d11851